[Event "Steinfurt Bezirksklasse 1819"]
[Site "Germany"]
[Date "2019.01.12"]
[Round "4.4"]
[White "Muenninghoff, Ralf"]
[Black "Sandmann, Guenter"]
[Result "0-1"]
[WhiteElo "1039"]
[BlackElo "1278"]
[PlyCount "50"]
[EventDate "2018.09.29"]
[EventType "team-tourn"]
[EventRounds "7"]
[EventCountry "GER"]
[SourceTitle "EXT 2020"]
[Source "ChessBase"]
[SourceDate "2019.10.17"]
[SourceVersion "1"]
[SourceVersionDate "2019.10.17"]
[SourceQuality "1"]
[WhiteTeam "Rheine CC"]
[BlackTeam "Nordwalde II"]
[WhiteTeamCountry "GER"]
[BlackTeamCountry "GER"]

1. c4 e5 2. g3 Bc5 3. Bg2 d6 4. d3 Nf6 5. Nc3 Ng4 6. e3 Nf6 7. Nf3 Bd7 8. a3 Bc6 9. 0-0 a6 10. d4 exd4 11. exd4 Ba7 12. Re1+ Kf8 13. Be3 h6 14. d5 Bxe3 15. Rxe3 Bd7 16. Qe2 g6 17. h3 Kg7 18. Nd4 Re8 19. Rxe8 Bxe8 20. Re1 Nbd7 21. Ne4 Nxe4 22. Bxe4 Nf6 23. Bxg6 Kxg6 24. Nf3 Bd7 25. Nh4+ Kg7 0-1

[Event "Steinfurt Bezirksklasse 1718"]
[Site "Germany"]
[Date "2017.10.07"]
[Round "1.5"]
[White "Thomann, Henning"]
[Black "Sandmann, Guenter"]
[Result "1-0"]
[WhiteElo "1444"]
[BlackElo "1237"]
[PlyCount "45"]
[EventDate "2017.10.07"]
[EventType "team-tourn"]
[EventRounds "7"]
[EventCountry "GER"]
[SourceTitle "EXT 2019"]
[Source "ChessBase"]
[SourceDate "2018.10.10"]
[SourceVersion "1"]
[SourceVersionDate "2018.10.10"]
[SourceQuality "1"]
[WhiteTeam "Neuenkirchen II"]
[BlackTeam "Nordwalde II"]
[WhiteTeamCountry "GER"]
[BlackTeamCountry "GER"]

1. d4 d5 2. c4 Nf6 3. Nc3 e6 4. cxd5 exd5 5. Bg5 Be7 6. e3 c6 7. Bd3 Ng4 8. Bxe7 Qxe7 9. Qc2 Nf6 10. Nge2 Be6 11. 0-0 Nbd7 12. Rab1 Qd6 13. f3 c5 14. Nb5 Qc6 15. dxc5 Nxc5 16. Rbc1 a6 17. Nbd4 Qa4 18. Qxc5 Qxa2 19. Nxe6 fxe6 20. Qd6 Qa4 21. Rc7 Ng8 22. Qxe6+ Kd8 23. Qd7+ 1-0

[Event "Steinfurt Bezirksklasse 1617"]
[Site "Germany"]
[Date "2016.12.03"]
[Round "4.4"]
[White "Sandmann, Guenter"]
[Black "Weber, Stefan"]
[Result "1-0"]
[WhiteElo "1272"]
[BlackElo "1145"]
[PlyCount "58"]
[EventDate "2016.09.17"]
[EventType "team"]
[EventRounds "10"]
[EventCountry "GER"]
[SourceTitle "EXT 2018"]
[Source "ChessBase"]
[SourceDate "2017.10.13"]
[SourceVersion "1"]
[SourceVersionDate "2017.10.13"]
[SourceQuality "1"]
[WhiteTeam "Nordwalde II"]
[BlackTeam "Reckenfeld II"]
[WhiteTeamCountry "GER"]
[BlackTeamCountry "GER"]

1. d4 d5 2. Nf3 Nf6 3. e3 e6 4. c4 dxc4 5. Bxc4 Bb4+ 6. Bd2 Bxd2+ 7. Nbxd2 0-0 8. 0-0 Qd6 9. Qc2 b6 10. Bd3 g6 11. Rac1 c5 12. dxc5 bxc5 13. Ne4 Nxe4 14. Bxe4 Nc6 15. Qxc5 Qd8 16. Bxc6 Rb8 17. Rfd1 Qf6 18. b3 Qb2 19. Qxa7 Rb4 20. Qc5 Qa3 21. Rd4 e5 22. Rxb4 Rd8 23. Rbc4 Qxa2 24. b4 Qe2 25. Bd5 Kg7 26. R4c2 Qd3 27. Rd2 Qa3 28. Rcd1 Qa6 29. Nxe5 Be6 1-0

[Event "Steinfurt Bezirksklasse 1516"]
[Site "Germany"]
[Date "2016.01.09"]
[Round "5.6"]
[White "Sandmann, Guenter"]
[Black "Nattkaemper, Johann"]
[Result "1-0"]
[WhiteElo "1190"]
[BlackElo "1188"]
[PlyCount "105"]
[EventDate "2015.09.05"]
[EventType "team-tourn"]
[EventRounds "9"]
[EventCountry "GER"]
[SourceTitle "EXT 2017"]
[Source "ChessBase"]
[SourceDate "2016.10.25"]
[SourceVersion "1"]
[SourceVersionDate "2016.10.25"]
[SourceQuality "1"]
[WhiteTeam "Nordwalde II"]
[BlackTeam "Ibbenbueren III"]
[WhiteTeamCountry "GER"]
[BlackTeamCountry "GER"]

1. d4 d5 2. Bf4 Nf6 3. Nf3 Bg4 4. e3 e6 5. Be2 Bxf3 6. Bxf3 c5 7. c3 c4 8. 0-0 Bd6 9. Bxd6 Qxd6 10. Nd2 0-0 11. e4 dxe4 12. Nxe4 Nxe4 13. Bxe4 Qb6 14. Qc2 f5 15. Bf3 Nd7 16. Qa4 Qc7 17. Rfe1 Rf6 18. Qb4 Rb8 19. Qe7 Qd8 20. Rxe6 b5 21. Qxd8+ Rxd8 22. Rae1 Nb6 23. Rxf6 gxf6 24. Re6 Kf7 25. Re2 a5 26. Bh5+ Kg7 27. Kf1 b4 28. Rd2 b3 29. a3 a4 30. f4 Nd5 31. g3 Kh6 32. Bf7 Kg7 33. Be6 Ne3+ 34. Kf2 Re8 35. Kxe3 Rxe6+ 36. Kf2 h5 37. d5 Rd6 38. Ke3 Kf7 39. Kd4 Ke7 40. Kc5 Ra6 41. Kxc4 Kd6 42. Kb5 Ra8 43. c4 Kc7 44. d6+ Kd7 45. c5 Kc8 46. d7+ Kd8 47. c6 Ra7 48. Re2 Rxd7 49. cxd7 h4 50. Rd2 hxg3 51. hxg3 Kc7 52. d8Q+ Kb7 53. Rd7# 1-0

[Event "Steinfurt Bezirksklasse 1516"]
[Site "Germany"]
[Date "2015.12.05"]
[Round "4.5"]
[White "Sandmann, Guenter"]
[Black "Weber, Stefan"]
[Result "1-0"]
[WhiteElo "1190"]
[BlackElo "1017"]
[PlyCount "107"]
[EventDate "2015.09.05"]
[EventType "team-tourn"]
[EventRounds "9"]
[EventCountry "GER"]
[SourceTitle "EXT 2017"]
[Source "ChessBase"]
[SourceDate "2016.10.25"]
[SourceVersion "1"]
[SourceVersionDate "2016.10.25"]
[SourceQuality "1"]
[WhiteTeam "Nordwalde II"]
[BlackTeam "Reckenfeld II"]
[WhiteTeamCountry "GER"]
[BlackTeamCountry "GER"]

1. d4 d5 2. Bf4 Bf5 3. e3 Nf6 4. Nf3 Nbd7 5. c4 e6 6. Nc3 Be7 7. Bd3 Bxd3 8. Qxd3 Bb4 9. 0-0 0-0 10. cxd5 exd5 11. a3 Be7 12. Qb5 Nb6 13. Qd3 Re8 14. Nb5 Bd6 15. Nxd6 cxd6 16. Rfc1 Nbd7 17. Bxd6 Nh5 18. Be5 f6 19. Bc7 Qe7 20. g4 g6 21. gxh5 gxh5 22. Qf5 Qg7+ 23. Kh1 Re4 24. Rg1 Rg4 25. h3 Rg6 26. Bf4 Kh8 27. Qxh5 Rg8 28. Rxg6 Qxg6 29. Qxg6 Rxg6 30. Rg1 Rg8 31. Rxg8+ Kxg8 32. Kg2 f5 33. Nh4 Nf6 34. Nxf5 b5 35. Ne7+ Kf7 36. Nc6 a6 37. Be5 Nd7 38. f4 Ke6 39. Kf3 Nb6 40. b3 h5 41. e4 h4 42. Nb4 a5 43. Nxd5 Nxd5 44. exd5+ Kxd5 45. f5 b4 46. axb4 axb4 47. f6 Ke6 48. Kf4 Kf7 49. Kf5 Ke8 50. Kg6 Kf8 51. f7 Ke7 52. Kg7 Kd7 53. f8Q Ke6 54. Qf7# 1-0

[Event "Steinfurt Bezirksklasse 1314"]
[Site "Germany"]
[Date "2014.05.03"]
[Round "8.6"]
[White "Kretschmer, Sven"]
[Black "Sandmann, Guenter"]
[Result "0-1"]
[WhiteElo "793"]
[BlackElo "1246"]
[PlyCount "48"]
[EventDate "2013.10.05"]
[EventType "team-tourn"]
[EventRounds "9"]
[EventCountry "GER"]
[SourceTitle "EXT 2015"]
[Source "ChessBase"]
[SourceDate "2014.11.20"]
[SourceVersion "1"]
[SourceVersionDate "2014.11.20"]
[SourceQuality "1"]
[WhiteTeam "Ibbenbueren III"]
[BlackTeam "Nordwalde II"]
[WhiteTeamCountry "GER"]
[BlackTeamCountry "GER"]

1. e4 c5 2. Nf3 Nc6 3. Bc4 e6 4. Nc3 Nf6 5. d3 Na5 6. Nd2 d5 7. 0-0 dxc4 8. Nxc4 Nxc4 9. dxc4 Be7 10. e5 Nd7 11. Be3 Nxe5 12. Qxd8+ Bxd8 13. Bxc5 Ng6 14. Rad1 Ne7 15. a3 0-0 16. Rfe1 Re8 17. Kh1 b6 18. Bd4 Nf5 19. Be3 Bf6 20. Bd2 Bb7 21. Kg1 Nh4 22. Ne4 Be7 23. Kh1 f5 24. Ng3 Nxg2 0-1

[Event "Steinfurt Bezirksklasse 1314"]
[Site "Germany"]
[Date "2014.04.05"]
[Round "7.6"]
[White "Beyer, Manuel"]
[Black "Sandmann, Guenter"]
[Result "0-1"]
[WhiteElo "779"]
[BlackElo "1246"]
[PlyCount "58"]
[EventDate "2013.10.05"]
[EventType "team-tourn"]
[EventRounds "9"]
[EventCountry "GER"]
[SourceTitle "EXT 2015"]
[Source "ChessBase"]
[SourceDate "2014.11.20"]
[SourceVersion "1"]
[SourceVersionDate "2014.11.20"]
[SourceQuality "1"]
[WhiteTeam "Rheine CC"]
[BlackTeam "Nordwalde II"]
[WhiteTeamCountry "GER"]
[BlackTeamCountry "GER"]

1. d4 Nf6 2. Nc3 e6 3. e3 Bb4 4. Bd2 0-0 5. Bd3 d5 6. Nh3 Nbd7 7. Nf4 c5 8. dxc5 Bxc5 9. 0-0 a6 10. a3 b5 11. b4 Bd6 12. e4 d4 13. Nb1 Qc7 14. g3 Bb7 15. Re1 e5 16. Nh5 Be7 17. c3 Nxh5 18. Qxh5 Nf6 19. Qd1 Qd7 20. Bg5 Rfd8 21. Bxf6 Bxf6 22. cxd4 Qxd4 23. Ra2 Qxd3 24. Rd2 Qc4 25. Rxd8+ Rxd8 26. Nd2 Qd4 27. Re2 Bg5 28. Kf1 Bxd2 29. Rxd2 Qxd2 0-1

[Event "Steinfurt Bezirksklasse 1213"]
[Site "Germany"]
[Date "2013.04.27"]
[Round "8.6"]
[White "Wissing, Philipp"]
[Black "Sandmann, Guenter"]
[Result "1-0"]
[WhiteElo "1191"]
[BlackElo "1246"]
[PlyCount "29"]
[EventDate "2012.09.29"]
[EventType "team-tourn"]
[EventRounds "9"]
[EventCountry "GER"]
[SourceTitle "EXT 2015"]
[Source "ChessBase"]
[SourceDate "2014.11.20"]
[SourceVersion "1"]
[SourceVersionDate "2014.11.20"]
[SourceQuality "1"]
[WhiteTeam "Emsdetten Turm IV"]
[BlackTeam "Nordwalde II"]
[WhiteTeamCountry "GER"]
[BlackTeamCountry "GER"]

1. e4 e5 2. Nf3 f6 3. d3 Nc6 4. Nc3 Bc5 5. Be2 d6 6. 0-0 Be6 7. Be3 Bxe3 8. fxe3 Qd7 9. Qe1 Nb4 10. Bd1 Qf7 11. a3 Nc6 12. d4 Bd7 13. Nb5 0-0-0 14. d5 Nb8 15. Nxa7# 1-0

[Event "Steinfurt Bezirksklasse 1213"]
[Site "Germany"]
[Date "2013.03.09"]
[Round "6.7"]
[White "Sandmann, Guenter"]
[Black "Olschimke, Adrian"]
[Result "1-0"]
[WhiteElo "1246"]
[BlackElo "818"]
[PlyCount "49"]
[EventDate "2012.09.29"]
[EventType "team-tourn"]
[EventRounds "9"]
[EventCountry "GER"]
[SourceTitle "EXT 2015"]
[Source "ChessBase"]
[SourceDate "2014.11.20"]
[SourceVersion "1"]
[SourceVersionDate "2014.11.20"]
[SourceQuality "1"]
[WhiteTeam "Nordwalde II"]
[BlackTeam "Steinfurt IV"]
[WhiteTeamCountry "GER"]
[BlackTeamCountry "GER"]

1. d4 d5 2. Nf3 Nc6 3. Bf4 Bf5 4. a3 Nf6 5. h3 e6 6. e3 Bd6 7. Bxd6 Qxd6 8. c4 dxc4 9. Bxc4 0-0-0 10. 0-0 Ne4 11. Nc3 Nxc3 12. bxc3 Be4 13. Ng5 f5 14. Nf7 Qe7 15. Nxh8 Rxh8 16. Bd3 Bd5 17. c4 Bxg2 18. Kxg2 Qg5+ 19. Kh2 Ne7 20. Rg1 Qf6 21. Qf3 Nc6 22. Rab1 Qe7 23. d5 Na5 24. dxe6 Qxe6 25. Bxf5 1-0

[Event "Steinfurt Bezirksliga 1112"]
[Site "Germany"]
[Date "2012.05.05"]
[Round "8.8"]
[White "Koelking, Helmut"]
[Black "Sandmann, Guenter"]
[Result "1-0"]
[WhiteElo "1385"]
[BlackElo "1276"]
[PlyCount "53"]
[EventDate "2011.10.01"]
[EventType "team-tourn"]
[EventRounds "9"]
[EventCountry "GER"]
[SourceTitle "EXT 2013"]
[Source "ChessBase"]
[SourceDate "2012.11.22"]
[SourceVersion "1"]
[SourceVersionDate "2012.11.22"]
[SourceQuality "1"]
[WhiteTeam "Steinfurt II"]
[BlackTeam "Nordwalde II"]
[WhiteTeamCountry "GER"]
[BlackTeamCountry "GER"]

1. d4 e6 2. c4 c6 3. Bf4 d5 4. e3 Ne7 5. h3 Ng6 6. Bh2 Bd6 7. Bxd6 Qxd6 8. Nf3 0-0 9. c5 Qd8 10. Bd3 f5 11. 0-0 Nd7 12. b4 b5 13. a4 Ba6 14. Nc3 Qb8 15. axb5 Bxb5 16. Nxb5 cxb5 17. Ra5 a6 18. Qc2 Rc8 19. Rfa1 Rc6 20. Bxb5 Qb7 21. Bxc6 Qxc6 22. Qa4 Ne7 23. Qxc6 Nxc6 24. Rxa6 Rxa6 25. Rxa6 Nxb4 26. Rxe6 Nf8 27. Rb6 1-0